000 02071cam a22002174a 4500
005 20250605163946.0
008 250528s ||||||||||||||||||||||||d
035 _a15212
020 _a133163326
040 _aGR-AtMCL
_bgre
_dGR-AtMCL
_eAACR2
245 1 _aFinancial Statement Analysis / Second Edition
250 _a2nd
260 _bPrentice Hall,
_c1986
300 _a628
505 0 _aThe Demand for Financial Information, The Supply of Financial Statement Information, Financial Statement Analyaia: Introductory Techniques, Financial Statement Numbers: Some Empirical Issues and Evidence, Financial Statement Numbers and Alternative Accounting Methods, Cross-Sectional Analysis of Financial Statent Information, Time-Series Analysis of Financial Statement Information, Capital Markets and Information Efficiency, Asset Pricing and Financial Statement Information, Capital Markets and Corporate Information Releases, Equity Securities and Financial Statement Information, Corporate Restructuring and Financial Information, Debt Ratings and Debt Securities and Financial Information, Distress Analysis and Financial Information, Loan Decisions and Financial Information.
520 _aThe Demand for Financial Information, The Supply of Financial Statement Information, Financial Statement Analyaia: Introductory Techniques, Financial Statement Numbers: Some Empirical Issues and Evidence, Financial Statement Numbers and Alternative Accounting Methods, Cross-Sectional Analysis of Financial Statent Information, Time-Series Analysis of Financial Statement Information, Capital Markets and Information Efficiency, Asset Pricing and Financial Statement Information, Capital Markets and Corporate Information Releases, Equity Securities and Financial Statement Information, Corporate Restructuring and Financial Information, Debt Ratings and Debt Securities and Financial Information, Distress Analysis and Financial Information, Loan Decisions and Financial Information.
700 1 _aFoster George
_9930
942 _cBK
999 _c806
_d806